[Event "Figueira da Foz op 7th"]
[Site "Figueira da Foz"]
[Date "2010.11.05"]
[Round "7.2"]
[White "Todorov, Todor"]
[Black "Cubas, Jose Fernando"]
[Result "1-0"]
[WhiteElo "2487"]
[BlackElo "2463"]
[PlyCount "97"]
[EventDate "2010.10.31"]
[EventType "swiss"]
[EventRounds "9"]
[EventCountry "POR"]
[SourceTitle "EXT 2011"]
[Source "ChessBase"]
[SourceDate "2010.11.26"]
[SourceVersion "1"]
[SourceVersionDate "2010.11.26"]
[SourceQuality "1"]

1. e4 c5 2. Nf3 Nc6 3. Bb5 Nf6 4. Bxc6 dxc6 5. d3 Bg4 6. Nbd2 Nd7 7. h3 Bh5 8.
g4 Bg6 9. Nc4 f6 10. Nh4 e5 11. Nxg6 hxg6 12. a4 a5 13. Bd2 Qc7 14. g5 f5 15.
Qf3 f4 16. Qg4 Ke7 17. Ke2 b5 18. axb5 cxb5 19. Rxa5 Rxa5 20. Nxa5 Nb6 21. h4
Na4 22. b3 Nb6 23. Bc3 Nd7 24. b4 cxb4 25. Bxb4+ Kf7 26. Bd2 Ba3 27. Rb1 Rb8
28. h5 Ke7 29. Rb3 b4 30. Nc4 Nc5 31. Rb1 Ne6 32. h6 Nd4+ 33. Kd1 Qc6 34. Nxa3
Qa4 35. Bxb4+ Rxb4 36. Qc8 Rxb1+ 37. Nxb1 Qa2 38. Qc5+ Kf7 39. Qd5+ Qxd5 40.
exd5 gxh6 41. gxh6 g5 42. Nd2 g4 43. Ne4 Kg6 44. c3 Nf5 45. h7 Kg7 46. d6 Nh6
47. Ng5 g3 48. fxg3 fxg3 49. d7 1-0

[Event "Figueira da Foz op 7th"]
[Site "Figueira da Foz"]
[Date "2010.11.06"]
[Round "8.5"]
[White "Cubas, Jose Fernando"]
[Black "Dias, Paulo Jorge Guimara"]
[Result "0-1"]
[WhiteElo "2463"]
[BlackElo "2394"]
[PlyCount "102"]
[EventDate "2010.10.31"]
[EventType "swiss"]
[EventRounds "9"]
[EventCountry "POR"]
[SourceTitle "EXT 2011"]
[Source "ChessBase"]
[SourceDate "2010.11.26"]
[SourceVersion "1"]
[SourceVersionDate "2010.11.26"]
[SourceQuality "1"]

1. e4 e6 2. d4 d5 3. Nc3 Be7 4. Nf3 Nf6 5. Bd3 c5 6. exd5 exd5 7. dxc5 O-O 8.
Bg5 Nbd7 9. O-O Nxc5 10. Re1 Be6 11. Nd4 h6 12. Bh4 Qb6 13. Nf5 Bd8 14. Rb1
Nxd3 15. Qxd3 Ne4 16. Nxd5 Bxd5 17. Qxd5 Bxh4 18. Rxe4 Rad8 19. Qe5 Qxf2+ 20.
Kh1 Bf6 21. Qf4 Rd2 22. Ne7+ Bxe7 23. Qxf2 Rxf2 24. Rxe7 Rd8 25. Rxb7 Rdd2 26.
Rg1 Rxc2 27. Rxa7 Rxb2 28. a4 Ra2 29. h3 Kh7 30. Kh2 Kg6 31. a5 Kh5 32. Kg3 g5
33. Ra6 f5 34. Kh2 f4 35. Kh1 Rfb2 36. Rc6 Rxa5 37. Rd1 Ra3 38. h4 Raa2 39.
hxg5 hxg5 40. Rg1 g4 41. Re1 Kh4 42. Rh6+ Kg3 43. Rg1 Ra5 44. Rc1 Rba2 45. Rh7
Ra1 46. Rhc7 R5a2 47. R7c2 f3 48. gxf3 gxf3 49. Kg1 Rxc2 50. Rxa1 Rg2+ 51. Kh1
Rh2+ 0-1

[Event "Figueira da Foz op 7th"]
[Site "Figueira da Foz"]
[Date "2010.11.07"]
[Round "9.9"]
[White "Pinho, Paulo Miguel"]
[Black "Cubas, Jose Fernando"]
[Result "1-0"]
[WhiteElo "2097"]
[BlackElo "2463"]
[PlyCount "97"]
[EventDate "2010.10.31"]
[EventType "swiss"]
[EventRounds "9"]
[EventCountry "POR"]
[SourceTitle "EXT 2011"]
[Source "ChessBase"]
[SourceDate "2010.11.26"]
[SourceVersion "1"]
[SourceVersionDate "2010.11.26"]
[SourceQuality "1"]

1. d4 Nf6 2. c4 e6 3. Nc3 d5 4. cxd5 exd5 5. Bg5 Be7 6. Qc2 O-O 7. e3 Nbd7 8.
Bd3 Re8 9. h3 Nf8 10. O-O-O Be6 11. Kb1 Rc8 12. Nge2 c5 13. dxc5 Rxc5 14. Nd4
Ne4 15. Bxe4 Bxg5 16. Nb3 Rc4 17. Bxd5 Rxc3 18. Qxc3 Bxd5 19. Ka1 b6 20. Qb4
Qa8 21. Qb5 Rd8 22. Nd4 Bf6 23. f3 Ne6 24. Nf5 Nc5 25. e4 Be6 26. Ne3 a6 27.
Qe2 Na4 28. Rxd8+ Qxd8 29. Rb1 Qd4 30. Qxa6 h5 31. Nd5 Be5 32. Ne7+ Kh7 33. Nc6
Nc5 34. Nxd4 Nxa6 35. Nxe6 fxe6 36. Rd1 Nc5 37. Kb1 Kg6 38. b3 b5 39. Kc2 b4
40. Kd2 Bd4 41. Ke2 e5 42. Rc1 Bc3 43. g3 h4 44. gxh4 Kh5 45. Rg1 Ne6 46. Kd3
Bd4 47. Rg4 Bb2 48. Kc4 Nd4 49. f4 1-0

[Event "Brno op 1st"]
[Site "Brno"]
[Date "2010.11.14"]
[Round "1"]
[White "Guttridge, David"]
[Black "Cubas Pons, Juan Miguel"]
[Result "0-1"]
[WhiteElo "1891"]
[BlackElo "2212"]
[PlyCount "46"]
[EventDate "2010.11.14"]
[EventType "swiss"]
[EventRounds "9"]
[EventCountry "CZE"]
[SourceTitle "EXT 2011"]
[Source "ChessBase"]
[SourceDate "2010.11.26"]
[SourceVersion "1"]
[SourceVersionDate "2010.11.26"]
[SourceQuality "1"]

1. d4 d5 2. Nf3 c6 3. e3 Nf6 4. Bd3 Bg4 5. c4 dxc4 6. Bxc4 e6 7. Qb3 Bxf3 8.
gxf3 b5 9. Bd3 Be7 10. Nc3 a6 11. Ne4 Nbd7 12. Bd2 O-O 13. Rc1 Rc8 14. Bb4
Bxb4+ 15. Qxb4 Nd5 16. Qd2 e5 17. Be2 exd4 18. Qxd4 Qe7 19. a3 Rfd8 20. b4 Ne5
21. Qc5 Qe6 22. h3 h6 23. Ng3 Nf4 0-1

[Event "Brno op 1st"]
[Site "Brno"]
[Date "2010.11.15"]
[Round "2"]
[White "Cubas Pons, Juan Miguel"]
[Black "Mareckova, Martina"]
[Result "1/2-1/2"]
[WhiteElo "2212"]
[BlackElo "2056"]
[PlyCount "114"]
[EventDate "2010.11.14"]
[EventType "swiss"]
[EventRounds "9"]
[EventCountry "CZE"]
[SourceTitle "EXT 2011"]
[Source "ChessBase"]
[SourceDate "2010.11.26"]
[SourceVersion "1"]
[SourceVersionDate "2010.11.26"]
[SourceQuality "1"]

1. d4 Nf6 2. c4 g6 3. Nc3 Bg7 4. Nf3 O-O 5. Bf4 d6 6. e3 c6 7. h3 Nbd7 8. Be2
Qa5 9. O-O e5 10. Bh2 Re8 11. Rb1 exd4 12. exd4 d5 13. b4 Qd8 14. b5 Ne4 15.
Nxe4 dxe4 16. Ne1 Nb6 17. Nc2 Be6 18. c5 Nd5 19. Qd2 Qh4 20. Nb4 Bh6 21. Qe1 e3
22. bxc6 exf2+ 23. Rxf2 bxc6 24. Nxc6 Be3 25. Bf3 Bxd4 26. Nxd4 Qxd4 27. Rc1
Rac8 28. Be5 Qb4 29. Bd6 Qxe1+ 30. Rxe1 Nb4 31. Re3 Nc6 32. Rb2 Red8 33. Ra3
Rd7 34. Ra6 Nd8 35. Kf2 Bc4 36. Ra4 Be6 37. g4 f6 38. Re2 Kf7 39. Rae4 f5 40.
Re5 fxg4 41. hxg4 a5 42. g5 Bc4 43. R2e4 Be6 44. Rf4+ Kg7 45. Bf8+ Kg8 46. Bh6
Rf7 47. Rd4 Rxf3+ 48. Kxf3 Nc6 49. Rde4 Nxe5+ 50. Rxe5 Bxa2 51. c6 a4 52. Re7
Bd5+ 53. Kf4 a3 54. Rg7+ Kh8 55. Ra7 a2 56. Ke5 Bxc6 57. Rxa2 Rd8 1/2-1/2

[Event "Brno op 1st"]
[Site "Brno"]
[Date "2010.11.15"]
[Round "3"]
[White "Sladek, Vladislav"]
[Black "Cubas Pons, Juan Miguel"]
[Result "0-1"]
[WhiteElo "2030"]
[BlackElo "2212"]
[PlyCount "52"]
[EventDate "2010.11.14"]
[EventType "swiss"]
[EventRounds "9"]
[EventCountry "CZE"]
[SourceTitle "EXT 2011"]
[Source "ChessBase"]
[SourceDate "2010.11.26"]
[SourceVersion "1"]
[SourceVersionDate "2010.11.26"]
[SourceQuality "1"]

1. e4 e6 2. Nf3 d5 3. Nc3 Nf6 4. e5 Nfd7 5. d4 Be7 6. Bd3 c5 7. dxc5 Nc6 8. Bf4
Nxc5 9. Bb5 O-O 10. Qe2 a6 11. Bxc6 bxc6 12. Nd4 Qb6 13. Nb3 Nd7 14. Qg4 f5 15.
Qg3 a5 16. O-O-O a4 17. Nd4 c5 18. Nxe6 Qxe6 19. Nxd5 Bd8 20. Rhe1 a3 21. bxa3
Ra4 22. Qb3 Ra6 23. Re3 Kh8 24. Rh3 g5 25. Bg3 f4 26. Qd3 Rf7 0-1

[Event "Brno op 1st"]
[Site "Brno"]
[Date "2010.11.16"]
[Round "4"]
[White "Cubas Pons, Juan Miguel"]
[Black "Kratochvil, Karel"]
[Result "1-0"]
[WhiteElo "2212"]
[BlackElo "2179"]
[PlyCount "53"]
[EventDate "2010.11.14"]
[EventType "swiss"]
[EventRounds "9"]
[EventCountry "CZE"]
[SourceTitle "EXT 2011"]
[Source "ChessBase"]
[SourceDate "2010.11.26"]
[SourceVersion "1"]
[SourceVersionDate "2010.11.26"]
[SourceQuality "1"]

1. d4 Nf6 2. c4 c5 3. d5 b5 4. cxb5 a6 5. b6 e6 6. Nc3 Nxd5 7. Nxd5 exd5 8.
Qxd5 Nc6 9. Nf3 Be7 10. Bd2 O-O 11. e4 Rb8 12. Bc3 Qxb6 13. Bc4 Nb4 14. Qd2 Qg6
15. O-O Bb7 16. Ne5 Qxe4 17. f3 Qh4 18. g3 Qh5 19. Qxd7 Bg5 20. g4 Be3+ 21. Kg2
Qg5 22. Nxf7 Rxf7 23. Bxf7+ Kh8 24. h4 Qh6 25. Rad1 Bd4 26. Bxb4 Qe3 27. Rde1
1-0

[Event "Brno op 1st"]
[Site "Brno"]
[Date "2010.11.17"]
[Round "5"]
[White "Szablowski, Pawel"]
[Black "Cubas Pons, Juan Miguel"]
[Result "1-0"]
[WhiteElo "2288"]
[BlackElo "2212"]
[PlyCount "71"]
[EventDate "2010.11.14"]
[EventType "swiss"]
[EventRounds "9"]
[EventCountry "CZE"]
[SourceTitle "EXT 2011"]
[Source "ChessBase"]
[SourceDate "2010.11.26"]
[SourceVersion "1"]
[SourceVersionDate "2010.11.26"]
[SourceQuality "1"]

1. e4 c6 2. d4 d5 3. f3 e6 4. Nc3 Bb4 5. Bd2 b6 6. Nh3 Ne7 7. Bd3 dxe4 8. Nxe4
Qxd4 9. Bxb4 Qxb4+ 10. c3 Qxb2 11. Nd6+ Kd7 12. Nxf7 Qxc3+ 13. Ke2 Rf8 14. Rc1
Nd5 15. Qg1 Qf6 16. Nfg5 Ba6 17. Qd1 Kc7 18. Re1 h6 19. Ne4 Qe5 20. Kf1 Qd4 21.
Nhf2 Bxd3+ 22. Nxd3 Ne3+ 23. Rxe3 Qxe3 24. Ndc5 Re8 25. Qd6+ Kc8 26. Rc3 Qxc3
27. Nxc3 bxc5 28. Ne4 a6 29. Qxc5 Rd8 30. Nd6+ Kc7 31. Qa5+ Kd7 32. Nf7 Re8 33.
Qe5 Rg8 34. Qd6+ Ke8 35. Qxe6+ Kf8 36. Ne5 1-0

[Event "Brno op 1st"]
[Site "Brno"]
[Date "2010.11.17"]
[Round "6"]
[White "Cubas Pons, Juan Miguel"]
[Black "Heppell, Ian"]
[Result "1-0"]
[WhiteElo "2212"]
[BlackElo "2122"]
[PlyCount "89"]
[EventDate "2010.11.14"]
[EventType "swiss"]
[EventRounds "9"]
[EventCountry "CZE"]
[SourceTitle "EXT 2011"]
[Source "ChessBase"]
[SourceDate "2010.11.26"]
[SourceVersion "1"]
[SourceVersionDate "2010.11.26"]
[SourceQuality "1"]

1. d4 d6 2. c4 e5 3. Nf3 e4 4. Ng5 f5 5. Nc3 Be7 6. Nh3 Nf6 7. g3 Be6 8. d5 Bf7
9. Bg2 Nbd7 10. O-O O-O 11. f3 exf3 12. exf3 Nh5 13. Be3 Ne5 14. b3 g5 15. Bxg5
Bxg5 16. Nxg5 Qxg5 17. f4 Qf6 18. fxe5 dxe5 19. c5 Rad8 20. Qd2 Ng7 21. Rad1
Bh5 22. Rde1 Qe7 23. b4 a5 24. Nb5 axb4 25. d6 cxd6 26. cxd6 Qf6 27. Qxb4 Be8
28. Bxb7 e4 29. Bxe4 Bxb5 30. Bd5+ Kh8 31. Qxb5 Qxd6 32. Bg2 f4 33. gxf4 Rxf4
34. Rxf4 Qxf4 35. a4 Rd2 36. Rf1 Qd4+ 37. Kh1 h5 38. a5 Rb2 39. Qg5 Qd6 40. Rc1
Re2 41. Qd5 Qxd5 42. Bxd5 Nf5 43. a6 Re7 44. Rb1 Ra7 45. Rb8+ 1-0

[Event "Brno op 1st"]
[Site "Brno"]
[Date "2010.11.18"]
[Round "7"]
[White "Pokorny, Petr"]
[Black "Cubas Pons, Juan Miguel"]
[Result "1-0"]
[WhiteElo "2264"]
[BlackElo "2212"]
[PlyCount "71"]
[EventDate "2010.11.14"]
[EventType "swiss"]
[EventRounds "9"]
[EventCountry "CZE"]
[SourceTitle "EXT 2011"]
[Source "ChessBase"]
[SourceDate "2010.11.26"]
[SourceVersion "1"]
[SourceVersionDate "2010.11.26"]
[SourceQuality "1"]

1. d4 e6 2. c4 Nf6 3. Nc3 Bb4 4. Qc2 O-O 5. a3 Bxc3+ 6. Qxc3 b6 7. Bg5 d6 8.
Qf3 d5 9. Bxf6 Qxf6 10. Qxf6 gxf6 11. cxd5 exd5 12. Rc1 c6 13. e3 Bb7 14. Ne2
Nd7 15. Ng3 Rfe8 16. Bd3 a5 17. Bf5 Nf8 18. Nh5 Re7 19. O-O a4 20. Rc2 Ba6 21.
Rfc1 Bc4 22. Nxf6+ Kg7 23. Nh5+ Kh6 24. Nf4 b5 25. Rc3 Rb8 26. Nd3 Kg5 27. Bh3
f5 28. g3 Nd7 29. Bf1 Nb6 30. Ne5 Rc7 31. Bd3 Bxd3 32. Rxc6 Rxc6 33. Rxc6 Be4
34. h3 Rb7 35. f4+ Kh5 36. Kf2 1-0

[Event "Brno op 1st"]
[Site "Brno"]
[Date "2010.11.19"]
[Round "8"]
[White "Tsenov, Tsvetoslav"]
[Black "Cubas Pons, Juan Miguel"]
[Result "0-1"]
[WhiteElo "2141"]
[BlackElo "2212"]
[PlyCount "72"]
[EventDate "2010.11.14"]
[EventType "swiss"]
[EventRounds "9"]
[EventCountry "CZE"]
[SourceTitle "EXT 2011"]
[Source "ChessBase"]
[SourceDate "2010.11.26"]
[SourceVersion "1"]
[SourceVersionDate "2010.11.26"]
[SourceQuality "1"]

1. e4 c6 2. d4 d5 3. exd5 cxd5 4. Bd3 Nc6 5. c3 Nf6 6. Bf4 g6 7. Nf3 Bg7 8. O-O
Bg4 9. Nbd2 O-O 10. Qb3 Na5 11. Qc2 Rc8 12. Ne5 Be6 13. h3 Ne8 14. Rae1 Nd6 15.
g4 b5 16. a3 Nac4 17. Ndf3 a5 18. Qc1 b4 19. axb4 axb4 20. Bxc4 Nxc4 21. Nxc4
Rxc4 22. Bd2 Qd7 23. Qd1 bxc3 24. Bxc3 Qa7 25. Qd2 h5 26. Qf4 Qd7 27. Ne5 Bxe5
28. Rxe5 hxg4 29. hxg4 Bxg4 30. Rfe1 Re8 31. Qg5 Bf3 32. Rxe7 Rxe7 33. Rxe7 Qh3
34. Re8+ Kh7 35. Rh8+ Kxh8 36. Qe5+ Kh7 0-1

[Event "Brno op 1st"]
[Site "Brno"]
[Date "2010.11.20"]
[Round "9"]
[White "Cubas Pons, Juan Miguel"]
[Black "Piankov, Evgenij"]
[Result "1-0"]
[WhiteElo "2212"]
[BlackElo "2341"]
[PlyCount "59"]
[EventDate "2010.11.14"]
[EventType "swiss"]
[EventRounds "9"]
[EventCountry "CZE"]
[SourceTitle "EXT 2011"]
[Source "ChessBase"]
[SourceDate "2010.11.26"]
[SourceVersion "1"]
[SourceVersionDate "2010.11.26"]
[SourceQuality "1"]

1. d4 d5 2. c4 c6 3. Nf3 Nf6 4. Nc3 a6 5. e3 b5 6. b3 Bg4 7. h3 Bh5 8. g4 Bg6
9. Ne5 e6 10. Bg2 Ne4 11. Nxg6 Nxc3 12. Qc2 hxg6 13. Qxc3 Ra7 14. O-O Nd7 15.
e4 Nf6 16. e5 Nd7 17. f4 bxc4 18. bxc4 Nb6 19. cxd5 cxd5 20. Qc6+ Rd7 21. Rb1
Nc4 22. f5 gxf5 23. gxf5 Qc7 24. Qxa6 exf5 25. Bf4 Be7 26. e6 Rd6 27. Qa8+ Bd8
28. Rb7 Qa5 29. Bxd6 Nxd6 30. Qxa5 1-0

[Event "Prague op-A 10th"]
[Site "Prague"]
[Date "2011.01.08"]
[Round "2"]
[White "Vavra, Pavel"]
[Black "Cubas Pons, Juan Miguel"]
[Result "1/2-1/2"]
[WhiteElo "2359"]
[BlackElo "2231"]
[PlyCount "100"]
[EventDate "2011.01.07"]
[EventType "swiss"]
[EventRounds "9"]
[EventCountry "CZE"]
[SourceTitle "CBM 140 Extra"]
[Source "ChessBase"]
[SourceDate "2011.03.01"]
[SourceVersion "1"]
[SourceVersionDate "2011.03.01"]
[SourceQuality "1"]

1. f4 d5 2. b3 Nf6 3. Bb2 g6 4. Nf3 Bg7 5. e3 O-O 6. g3 c5 7. Bg2 Nc6 8. O-O
Bg4 9. h3 Bxf3 10. Qxf3 Qc7 11. g4 e6 12. d3 b5 13. Nc3 b4 14. Ne2 a5 15. f5
exf5 16. gxf5 Ne5 17. Qg3 Nh5 18. Qh2 Nf3+ 19. Bxf3 Qxh2+ 20. Kxh2 Bxb2 21.
Rae1 Nf6 22. Kg2 a4 23. Ng3 axb3 24. axb3 Ra2 25. h4 Bc3 26. Re2 Kg7 27. fxg6
fxg6 28. Nh1 Rfa8 29. Nf2 h5 30. Nh3 Rc8 31. Nf4 c4 32. Kh3 cxb3 33. cxb3 Rxe2
34. Bxe2 Re8 35. e4 Bd2 36. Kg3 dxe4 37. d4 Bxf4+ 38. Kxf4 Nd5+ 39. Kg5 Re7 40.
Bc4 Ne3 41. Rf6 Nxc4 42. Rxg6+ Kh8 43. Kf6 Rd7 44. Rg5 Nd2 45. d5 Nxb3 46.
Rxh5+ Rh7 47. Re5 Rxh4 48. d6 Rh6+ 49. Kf7 Rh7+ 50. Ke8 Nd4 1/2-1/2

[Event "Prague op-A 10th"]
[Site "Prague"]
[Date "2011.01.10"]
[Round "4"]
[White "Cubas Pons, Juan Miguel"]
[Black "Aguettaz, Maxime"]
[Result "0-1"]
[WhiteElo "2231"]
[BlackElo "2414"]
[PlyCount "54"]
[EventDate "2011.01.07"]
[EventType "swiss"]
[EventRounds "9"]
[EventCountry "CZE"]
[SourceTitle "CBM 140 Extra"]
[Source "ChessBase"]
[SourceDate "2011.03.01"]
[SourceVersion "1"]
[SourceVersionDate "2011.03.01"]
[SourceQuality "1"]

1. d4 Nf6 2. c4 g6 3. Nc3 Bg7 4. e4 O-O 5. f3 c6 6. Be3 d5 7. e5 Ne8 8. Qd2
dxc4 9. Bxc4 c5 10. f4 cxd4 11. Qxd4 Qxd4 12. Bxd4 Nc6 13. Be3 Nc7 14. Nf3 Be6
15. Bxe6 Nxe6 16. Ke2 f6 17. exf6 exf6 18. Rhd1 f5 19. Rd7 Bxc3 20. bxc3 Rf7
21. Rad1 Re8 22. g3 a6 23. R1d6 Nc5 24. Rxf7 Kxf7 25. Ng5+ Kg8 26. Kf3 Ne4 27.
Rd7 Nxg5+ 0-1

[Event "Brasilia Almeida Vas Memorial 2nd"]
[Site "Brasilia"]
[Date "2011.02.??"]
[Round "1"]
[White "Navarro, Tiago Cunha"]
[Black "Cubas, Jose Fernando"]
[Result "0-1"]
[WhiteElo "2215"]
[BlackElo "2463"]
[PlyCount "96"]
[EventDate "2011.02.20"]
[EventType "tourn"]
[EventRounds "9"]
[EventCountry "BRA"]
[EventCategory "4"]
[SourceTitle "CBM 141 Extra"]
[Source "ChessBase"]
[SourceDate "2011.05.03"]
[SourceVersion "1"]
[SourceVersionDate "2011.05.03"]
[SourceQuality "1"]

1. d4 Nf6 2. c4 e6 3. Nf3 Bb4+ 4. Nc3 c5 5. e3 b6 6. Qc2 Bb7 7. Bd3 O-O 8. O-O
Bxf3 9. gxf3 cxd4 10. exd4 Nc6 11. Be3 Rc8 12. a3 Bxc3 13. bxc3 d5 14. cxd5
Qxd5 15. Qe2 Na5 16. Rac1 Nc4 17. Kh1 Rfe8 18. Rg1 e5 19. Rg5 b5 20. a4 h6 21.
Bxc4 Rxc4 22. Rxe5 Rxe5 23. dxe5 Qxe5 24. Rg1 Nd5 25. axb5 Rh4 26. Rg3 Nxc3 27.
Qd2 Nd5 28. Kg1 Kh7 29. f4 Nxf4 30. Bxf4 Rxf4 31. Qc3 Rd4 32. Qc2+ g6 33. Qa2
Qe1+ 34. Kg2 Qe4+ 35. Rf3 Rd5 36. Qb3 Rf5 37. Qd3 Qb7 38. Qb3 Kg8 39. Qe3 Rg5+
40. Kf1 Qxb5+ 41. Qd3 Qxd3+ 42. Rxd3 a5 43. Ke2 Kg7 44. Rd7 Kf6 45. Ra7 Rb5 46.
Ke3 Rb3+ 47. Ke4 Rb4+ 48. Ke3 a4 0-1

[Event "Brasilia Almeida Vas Memorial 2nd"]
[Site "Brasilia"]
[Date "2011.02.??"]
[Round "2"]
[White "Shumyatsky, Victor"]
[Black "Cubas, Jose Fernando"]
[Result "0-1"]
[WhiteElo "2382"]
[BlackElo "2463"]
[PlyCount "76"]
[EventDate "2011.02.20"]
[EventType "tourn"]
[EventRounds "9"]
[EventCountry "BRA"]
[EventCategory "4"]
[SourceTitle "CBM 141 Extra"]
[Source "ChessBase"]
[SourceDate "2011.05.03"]
[SourceVersion "1"]
[SourceVersionDate "2011.05.03"]
[SourceQuality "1"]

1. e4 c5 2. Ne2 Nc6 3. Nbc3 e6 4. d4 cxd4 5. Nxd4 Bb4 6. Ndb5 Nf6 7. a3 Bxc3+
8. Nxc3 d5 9. exd5 exd5 10. Bd3 d4 11. Ne2 O-O 12. O-O Bg4 13. f3 Bh5 14. Bg5
Bg6 15. Kh1 Re8 16. Re1 Re5 17. Bh4 Rh5 18. Bf2 Qd6 19. Ng3 Rd5 20. Bxg6 hxg6
21. Qd3 Rc8 22. Ne4 Nxe4 23. fxe4 Rh5 24. h3 Qe6 25. Rac1 Ne5 26. Qg3 Rc4 27.
Red1 Nc6 28. Qd3 Ne5 29. Qg3 Nc6 30. Qd3 Kh7 31. Re1 Ne5 32. Qg3 Qc6 33. c3 d3
34. Qf4 d2 35. Qxd2 Rxe4 36. Kh2 Rg4 37. Bg3 Nf3+ 38. gxf3 Rxh3+ 0-1

[Event "Brasilia Almeida Vas Memorial 2nd"]
[Site "Brasilia"]
[Date "2011.02.??"]
[Round "3"]
[White "Valle, Adriano"]
[Black "Cubas, Jose Fernando"]
[Result "1/2-1/2"]
[WhiteElo "2307"]
[BlackElo "2463"]
[PlyCount "112"]
[EventDate "2011.02.20"]
[EventType "tourn"]
[EventRounds "9"]
[EventCountry "BRA"]
[EventCategory "4"]
[SourceTitle "CBM 141 Extra"]
[Source "ChessBase"]
[SourceDate "2011.05.03"]
[SourceVersion "1"]
[SourceVersionDate "2011.05.03"]
[SourceQuality "1"]

1. d4 Nf6 2. c4 e6 3. Nc3 c5 4. d5 exd5 5. cxd5 d6 6. e4 g6 7. Bd3 Bg7 8. Nge2
O-O 9. O-O b6 10. Bg5 Ba6 11. Bxa6 Nxa6 12. f4 h6 13. Bh4 Re8 14. Qd3 Nb4 15.
Qf3 Qd7 16. h3 c4 17. Rad1 Nd3 18. Rd2 b5 19. Ng3 Nh7 20. Kh1 b4 21. Nd1 Nc5
22. Ne3 c3 23. bxc3 bxc3 24. Re2 Rab8 25. f5 g5 26. f6 gxh4 27. fxg7 hxg3 28.
Nf5 Re5 29. Qxc3 Rxf5 30. exf5 Qb5 31. Rfe1 Nf6 32. Qxg3 Qd3 33. Qxd6 Ncd7 34.
Re7 Qxf5 35. Rxd7 Nxd7 36. Qxh6 Qh7 37. Qxh7+ Kxh7 38. Re7 Rd8 39. Rxf7 Kg8 40.
Re7 a5 41. d6 Nb6 42. Ra7 a4 43. d7 Rxd7 44. Rxd7 Nxd7 45. Kg1 Nf6 46. Kf2 Ne4+
47. Ke3 Nc3 48. Kd3 Nxa2 49. Kc4 Kxg7 50. Kb5 a3 51. Ka4 Kg6 52. Kxa3 Nc1 53.
Kb2 Ne2 54. Kc2 Nf4 55. Kd2 Nxg2 56. h4 Nxh4 1/2-1/2

[Event "Brasilia Almeida Vas Memorial 2nd"]
[Site "Brasilia"]
[Date "2011.02.??"]
[Round "4"]
[White "Cubas, Jose Fernando"]
[Black "Lima, Darcy Gustavo Macha"]
[Result "1-0"]
[WhiteElo "2463"]
[BlackElo "2496"]
[PlyCount "143"]
[EventDate "2011.02.20"]
[EventType "tourn"]
[EventRounds "9"]
[EventCountry "BRA"]
[EventCategory "4"]
[SourceTitle "CBM 141 Extra"]
[Source "ChessBase"]
[SourceDate "2011.05.03"]
[SourceVersion "1"]
[SourceVersionDate "2011.05.03"]
[SourceQuality "1"]

1. e4 c5 2. Nf3 d6 3. d4 cxd4 4. Nxd4 Nf6 5. Nc3 Nc6 6. Be2 g6 7. O-O Bg7 8.
Nb3 O-O 9. Bg5 a6 10. f4 b5 11. Bf3 Bb7 12. Kh1 Nd7 13. Rb1 Re8 14. Nd5 a5 15.
c3 b4 16. Re1 Rc8 17. Bg4 bxc3 18. bxc3 Ncb8 19. Nd4 Bxd5 20. exd5 Bf6 21. Rb7
Rc7 22. Bxd7 Nxd7 23. Nc6 Qc8 24. Rxc7 Qxc7 25. Nxe7+ Rxe7 26. Rxe7 Bxe7 27.
Bxe7 Nc5 28. Bf6 Ne4 29. Bd4 Qc4 30. Qb1 f5 31. h3 Qxd5 32. Qb8+ Kf7 33. Qc7+
Ke8 34. a4 h5 35. Qc8+ Ke7 36. Qc7+ Ke8 37. Kh2 Nd2 38. Qc8+ Ke7 39. Qc7+ Ke8
40. Qb8+ Ke7 41. Qa7+ Ke8 42. Qb8+ Ke7 43. Qc7+ Ke8 44. Bf6 Qe6 45. Qd8+ Kf7
46. Bh4 Nc4 47. Bg5 d5 48. Qc7+ Ke8 49. Qb8+ Kf7 50. Bd8 Qd7 51. Kg3 Ke6 52.
Bb6 Kf7 53. Bc5 Qe8 54. Qb7+ Ke6 55. Qa6+ Kf7 56. Qa7+ Ke6 57. Qb7 Qd7 58. Qa6+
Kf7 59. Qa8 Ke6 60. Qb8 Nd2 61. Qb6+ Kf7 62. Qxa5 Qe8 63. Qc7+ Kg8 64. Kh2 Nf1+
65. Kg1 Ng3 66. Qe5 Qxe5 67. fxe5 Ne2+ 68. Kf2 Nxc3 69. Bd4 Nxa4 70. h4 Kf7 71.
Ke3 Ke6 72. Kf4 1-0

[Event "Brasilia Almeida Vas Memorial 2nd"]
[Site "Brasilia"]
[Date "2011.02.??"]
[Round "5"]
[White "Lucena, Lincoln"]
[Black "Cubas, Jose Fernando"]
[Result "1/2-1/2"]
[WhiteElo "2193"]
[BlackElo "2463"]
[PlyCount "82"]
[EventDate "2011.02.20"]
[EventType "tourn"]
[EventRounds "9"]
[EventCountry "BRA"]
[EventCategory "4"]
[SourceTitle "CBM 141 Extra"]
[Source "ChessBase"]
[SourceDate "2011.05.03"]
[SourceVersion "1"]
[SourceVersionDate "2011.05.03"]
[SourceQuality "1"]

1. c4 e5 2. Nc3 Nc6 3. Nf3 Nf6 4. g3 d5 5. cxd5 Nxd5 6. Bg2 Nb6 7. d3 Be7 8.
O-O g5 9. b4 g4 10. Nd2 Nxb4 11. Bb2 h5 12. Nce4 f6 13. Nb3 Na4 14. Ba3 a5 15.
Qd2 f5 16. Nc3 Nb6 17. Rad1 a4 18. Na1 h4 19. Qb2 Nc6 20. Nc2 Bxa3 21. Qxa3
hxg3 22. hxg3 Bd7 23. Nb5 Ra5 24. Rb1 Be6 25. Qb2 Nd5 26. Nca3 Ndb4 27. Rfc1
Kf7 28. Nxc7 Qxc7 29. Qxb4 Kf6 30. Qxb7 Qxb7 31. Rxb7 Nd4 32. Rb2 f4 33. e3 f3
34. exd4 Bd5 35. Rb6+ Kg5 36. Bf1 Ra7 37. Re1 e4 38. Rxe4 Bxe4 39. dxe4 Rah7
40. Rb5+ Kg6 41. Rb6+ Kg5 1/2-1/2

[Event "Brasilia Almeida Vas Memorial 2nd"]
[Site "Brasilia"]
[Date "2011.02.??"]
[Round "6"]
[White "Cubas, Jose Fernando"]
[Black "Rodi, Luis Ernesto"]
[Result "1-0"]
[WhiteElo "2463"]
[BlackElo "2310"]
[PlyCount "99"]
[EventDate "2011.02.20"]
[EventType "tourn"]
[EventRounds "9"]
[EventCountry "BRA"]
[EventCategory "4"]
[SourceTitle "CBM 141 Extra"]
[Source "ChessBase"]
[SourceDate "2011.05.03"]
[SourceVersion "1"]
[SourceVersionDate "2011.05.03"]
[SourceQuality "1"]

1. e4 e6 2. d4 d5 3. Nc3 Bb4 4. exd5 exd5 5. Bd3 Nc6 6. a3 Be7 7. Bf4 a6 8. Nf3
Bg4 9. h3 Bh5 10. g4 Bg6 11. Bxg6 hxg6 12. Qd3 Qd7 13. O-O-O O-O-O 14. Ne5 Qe6
15. Rhe1 Bd6 16. Kb1 Nxe5 17. Bxe5 Bxe5 18. Rxe5 Qc6 19. Qf3 Nf6 20. g5 Nd7 21.
Rxd5 Qe6 22. Rd3 Qe1+ 23. Ka2 f5 24. gxf6 gxf6 25. Re3 Qf1 26. Qg3 g5 27. Qf3
Rh7 28. Qf5 Rg7 29. Na4 b6 30. Nxb6+ cxb6 31. Rc3+ Kb8 32. Qe6 Rc8 33. Rxd7
Rxd7 34. Qxd7 Rxc3 35. bxc3 Qxf2 36. Kb2 Qf4 37. Qd8+ Kb7 38. d5 Qc4 39. Qe7+
Kb8 40. Qxf6 Qe4 41. Qxb6+ Ka8 42. Qxa6+ Kb8 43. Qb6+ Ka8 44. a4 g4 45. Qa6+
Kb8 46. hxg4 Qg2 47. g5 Qg3 48. g6 Qg1 49. a5 Qg3 50. Qc6 1-0